<?xml version="1.0" encoding="UTF-8"?><?xml-stylesheet type="text/xsl" href="static/style.xsl"?><OAI-PMH xmlns="http://www.openarchives.org/OAI/2.0/" xmlns:xsi="http://www.w3.org/2001/XMLSchema-instance" xsi:schemaLocation="http://www.openarchives.org/OAI/2.0/ http://www.openarchives.org/OAI/2.0/OAI-PMH.xsd"><responseDate>2026-04-17T07:54:47Z</responseDate><request verb="GetRecord" identifier="oai:www.recercat.cat:2099.1/25137" metadataPrefix="marc">https://recercat.cat/oai/request</request><GetRecord><record><header><identifier>oai:recercat.cat:2099.1/25137</identifier><datestamp>2026-03-16T04:14:12Z</datestamp><setSpec>com_2072_1033</setSpec><setSpec>col_2072_452951</setSpec></header><metadata><record xmlns="http://www.loc.gov/MARC21/slim" xmlns:dcterms="http://purl.org/dc/terms/" xmlns:xsi="http://www.w3.org/2001/XMLSchema-instance" xmlns:doc="http://www.lyncode.com/xoai" xsi:schemaLocation="http://www.loc.gov/MARC21/slim http://www.loc.gov/standards/marcxml/schema/MARC21slim.xsd">
   <leader>00925njm 22002777a 4500</leader>
   <datafield ind2=" " ind1=" " tag="042">
      <subfield code="a">dc</subfield>
   </datafield>
   <datafield ind2=" " ind1=" " tag="720">
      <subfield code="a">Garcia Angrill, Natàlia</subfield>
      <subfield code="e">author</subfield>
   </datafield>
   <datafield ind2=" " ind1=" " tag="260">
      <subfield code="c">2015-01-13</subfield>
   </datafield>
   <datafield ind2=" " ind1=" " tag="520">
      <subfield code="a">L'objecte d'aquest projecte és principalment el disseny i remodelació d'un habitatge adaptat a l'entorn que sigui el més sostenible possible.&#xd;
Segons l'IDAE el consum d'energia dels habitatges a Espanya aproximadament un 24% del consum del país, però s'ha de tenir en compte que té una dependència energètica externa del 80% el que causa que qualsevol estalvi energètic sigui molt beneficiós tant per l'economia global com pel propi consumidor. Si a part del consum energètic es té en compte l'energia de fabricació dels materials suposa un estalvi d'un 33%.&#xd;
Per això, es realitza una cerca de normativa relacionada amb l'eficiència energètica i concretament per l'eficiència energètica en edificis existents i es fa una descripció de la metodologia de certificació energètica que se segueix a Espanya i a Catalunya.&#xd;
Es fa un anàlisis dels consums dels costos anuals de gas, llum i aigua per l'edificació estudiada per tal de fer un seguiment de la despesa anual energètica de l'habitatge. També és fa un estudi dels materials, elements de fabricació i instal·lacions.&#xd;
Es quantifica i calcula l'eficiència energètica de l'edifici, donat que es tracta d'un edifici ja existent, es realitza mitjançant l'aplicació informàtica CE3X. Es calcula el nivell de qualificació energètica de l'edifici original i de la versió d'aquest amb les millors propostes.</subfield>
   </datafield>
   <datafield tag="653" ind2=" " ind1=" ">
      <subfield code="a">Àrees temàtiques de la UPC::Energies</subfield>
   </datafield>
   <datafield tag="653" ind2=" " ind1=" ">
      <subfield code="a">Buildings--Energy conservation</subfield>
   </datafield>
   <datafield tag="653" ind2=" " ind1=" ">
      <subfield code="a">Energia -- Consum</subfield>
   </datafield>
   <datafield ind2="0" ind1="0" tag="245">
      <subfield code="a">Dimensionament d'un habitatge estàndard sostenible i intel·ligent</subfield>
   </datafield>
</record></metadata></record></GetRecord></OAI-PMH>